|
|
|
|
| LEADER |
00661cam a2200193 a 4500 |
| 001 |
0000075044 |
| 005 |
20041207090000.0 |
| 040 |
|
|
|a mod
|
| 041 |
|
|
|a eng
|
| 020 |
0 |
0 |
|a 0736000232
|
| 090 |
0 |
0 |
|a 615.8
|b EXE
|c f
|e 2003
|
| 245 |
0 |
0 |
|a Exercise management
|b concepts and professional practice
|c Laurel T. Mackinnon...(et al.)
|
| 260 |
0 |
0 |
|a Champaign
|b Human Kinetics
|c 2003
|
| 300 |
0 |
0 |
|a ix, 358p.
|b ill.
|c 29cm
|
| 500 |
0 |
0 |
|a Includes bibliographical references and index
|
| 650 |
0 |
0 |
|a Exercise therapy
|x Management
|
| 650 |
0 |
0 |
|a Physical education and training
|x Management
|
| 700 |
1 |
1 |
|a Mackinnon
|h Laurel T.
|
| 999 |
|
|
|a 0237368
|b KD Malaya
|d BOOKS
|e Umum
|f KD MALAYA
|j AVAILABLE
|q GOOD CONDITION
|